Retrospectiva y retos de una década de gestión universitaria 2002-2012
| Main Author: | |
|---|---|
| Format: | Section = Libro |
| Language: | Undetermined Spanish |
| Published: |
Nicaragua
[s.e]
2012
|
| Subjects: |
| LEADER | 00624nam a2200205Ia 4500 | ||
|---|---|---|---|
| 008 | 240830s9999 xx 000 0 und d | ||
| 020 | |a 978-99924-982-1-7 | ||
| 040 | |a CEDOC FIQ-RUSB / Ref 378.107 N583 | ||
| 041 | |a spa | ||
| 082 | |a Ref 378.107 N583 | ||
| 100 | 1 | |a Urbina Villalta, Aldo José | |
| 245 | 1 | 0 | |a Retrospectiva y retos de una década de gestión universitaria 2002-2012 |
| 260 | |a Nicaragua |b [s.e] |c 2012 | ||
| 300 | |a 174 p.: il. | ||
| 650 | 7 | |a UNIVERSIDADES-GESTIÓN | |
| 650 | 7 | |b ADMINISTRACIÓN UNIVERSITARIAS - INFORME | |
| 650 | 7 | |c EDUCACIÓN SUPERIOR | |
| 942 | |c BK |2 ddc | ||
| 991 | |a TEXTO | ||
| 999 | |c 13055 | ||